000 00873nam a2200253 i 4500
003 IT-RoINE
005 20200122080407.0
008 050615s1999 sp |||||r |00||| spa||
020 _a8487394353
040 _aUPSA
_cesslup IT-RoINE
_dIT-RoINE
041 1 _alat
_aspa
100 1 _aMoreno García, Abdón,
_91507
_d1952-
245 1 3 _aEl Padrenuestro de un humanista :
_bPedro de Valencia : un manuscrito inédito /
_cAbdón Moreno García, Arkadiusz Nocón.
260 _aBadajoz :
_bTecnigraf Editores,
_c1999.
300 _a121 p. ;
_c25 cm.
336 _2rdacontent
_atext
337 _2rdamedia
_aunmediated
338 _2rdacarrier
_avolume
546 _aTexto en latín, introducción, traducción y notas en español.
630 4 _aPadrenuestro
_914509
700 1 _aNocón, Arkadiusz
_947258
700 1 _934325
_aValencia, Pedro de,
_d1555-1620
942 _cMTS
999 _c23853
_d23853